00317nam a2200121Ia 4500008004100000041000800041082000800049100001800057245007200075260002300147300000900170520001600179221007s9999 xx 000 0 und d aeng bDES aDeshpande M V aDesigning Policies for Business : a Study of Auto-Componenet Sector c2011bHNIMRWaPune a279p aBaporikar N